| 000 | 02281nam a22002897a 4500 | ||
|---|---|---|---|
| 999 |
_c21999 _d21999 |
||
| 003 | AR-CdUCM | ||
| 008 | 190425b ||||| |||| 00| 0 spa d | ||
| 040 |
_aMUNICIPALIDAD PROVINCIAL DEL CUSCO _cBIBLIOTECA MUNICIPAL DEL CUSCO |
||
| 082 | _aSaqsaywaman/N°9/2009 | ||
| 110 |
_aInstituto Nacional de Cultura Region Cusco _929198 |
||
| 245 |
_aRevista Saqsaywaman : _cInstituto Nacional de Cultura Region Cusco. |
||
| 260 |
_aArequipa. _bINC, _bArguedas, _c2009. |
||
| 300 |
_a259 páginas. : _bilustraciones ; _c21 cm. |
||
| 440 |
_aRevista Saqsaywaman. _nN°9, 2009 _947111 |
||
| 500 | _aHallazgos arqueológicos en Limaqpampa y otros artículos. | ||
| 505 | _aContenido: Urpicancha un sitio arqueológico Inca en el Valle de Lucre. -- Ernesto García Calderón. -- Ocupación del periodo intermedio tardío (K’illke) de Qallaqasa (P’isaq). Arminda Gibaja Oviedo. -- Investigación arqueológica en Salonniyoq Templo de la Luna. Jorge Guillén. -- Investigación arqueológica sector Wayraqpunku Qowiqarana huaca Pachakuti. Ismael Uscachi Santos. -- Introducción al análisis arqueológico caso conjunto arqueológico de Salapunku MAPI. Francisco Huarcaya Quispe. -- Exploraciones arqueológicas en Choquecancha. Carmen Alicia Pilares Calero. -- Investigaciones arqueológicas en Lucerinas. Domingo Farfán Acuña. -- Investigación arqueológica de la zona de Mauk’allaqta. José Pilares Daza. -- Identificación, catastro y evaluación del Sistema Vial Prehispánica troncal al Chinchaysuyu Qaphaq Ñan Anta. Lorena Álvarez Saavedra. -- Rescate muro fino de la Plaza de Limacpampa. Patricia Benavente García. -- Tecnología Inka en metalurgia por Danilo Pallardel Moscoso. -- Continuidad de la tecnología Inka en la metalurgia del distrito de San Pablo Cusco. Joan B. Guillen Pantigozo. -- Cerámica colonial. Irwin Antonio Ferrándiz Castro. | ||
| 650 |
_aArqueología cusqueña _99322 |
||
| 650 |
_aHistoria del Cusco _91714 |
||
| 650 |
_aInkas _91899 |
||
| 650 |
_aMonumentos históricos _96891 |
||
| 700 |
_aGarcía Calderón, Ernesto _947112 |
||
| 700 |
_aGibaja Oviedo, Arminda _929271 |
||
| 700 |
_aFerrándiz Castro, Antonio _944141 |
||
| 856 |
_uhttp://bvirtual.culturacusco.gob.pe/items/show/111 _zLeer en digital |
||
| 942 |
_2ddc _cPP |
||
| 945 | _arac | ||